| 000 | 00366nam a22001577a 4500 | ||
|---|---|---|---|
| 020 | _a978-81-264-2550-1 | ||
| 082 |
_a823 _bDIC/G |
||
| 100 | _aDICKENS, CHARLES | ||
| 245 |
_aGREAT EXPECTATIONS _bSHORT STORIES |
||
| 246 |
_aGREAT EXPECTATIONS _bSHORT STORIES |
||
| 260 | _bDC BOOKS | ||
| 300 | _a64 | ||
| 520 | _aSHORT STORY | ||
| 650 | _aSHORT STORY | ||
| 942 | _cBK | ||
| 999 |
_c2918 _d2918 |
||